Compton's encyclopedia and fact- index.
Salvato in:
| Natura: | Libro |
|---|---|
| Lingua: | Undetermined |
| Pubblicazione: |
Chicago
Division of Encyclopedia Britannica, Inc
1969
|
| Soggetti: | |
| Tags: |
Aggiungi Tag
Nessun Tag, puoi essere il primo ad aggiungerne! !
|
| Thư viện lưu trữ: | Trung tâm Học liệu Trường Đại học Cần Thơ |
|---|
| LEADER | 00468nam a2200157Ia 4500 | ||
|---|---|---|---|
| 001 | CTU_76660 | ||
| 008 | 210402s9999 xx 000 0 und d | ||
| 082 | |a 030 | ||
| 082 | |b C738/Vol.19 | ||
| 245 | 0 | |a Compton's encyclopedia and fact- index. | |
| 260 | |a Chicago | ||
| 260 | |b Division of Encyclopedia Britannica, Inc | ||
| 260 | |c 1969 | ||
| 650 | |a Encyclopedias and dictionaries | ||
| 904 | |i Mai Loan,Hải | ||
| 980 | |a Trung tâm Học liệu Trường Đại học Cần Thơ | ||